Isaiah Berlin: utopía, tragedia y pluralismo

Zapisane w:
Opis bibliograficzny
Główni autorzy: Berlin, Isaiah (Autor), Crowder, George (Autor), Gallego, Gloria María (Autor), López, Liliana María (Autor), Montenegro, Santiago (Autor)
Format: Książka
Język:hiszpański
Wydane: Medellín Fondo Editorial Universidad EAFIT 2010
Wydanie:1a. ed
Seria:Letra X Letra
Hasła przedmiotowe:
Etykiety: Dodaj etykietę
Nie ma etykietki, Dołącz pierwszą etykiete!

MARC

LEADER 00000cam a2200000 a 4500
001 UCE3830
003 CL-VaPUC
008 140925e20101000ck |||||||||||||||||spa|d
020 |a 9789587200768 
082 0 4 |a 320.5  |b BER  |2 21 
100 |a Berlin, Isaiah  |e author  |9 581668 
700 0 |a Crowder, George  |e author  |9 576355 
700 0 |a Gallego, Gloria María  |e author  |9 576356 
700 0 |a López, Liliana María  |e author  |9 576357 
700 0 |a Montenegro, Santiago  |e author  |9 576358 
245 1 0 |a Isaiah Berlin: utopía, tragedia y pluralismo 
250 |a 1a. ed 
300 |a 266 p 
942 |c BK 
945 |d 20140925 17:45:00  |a arojas 
260 |a Medellín  |b Fondo Editorial Universidad EAFIT  |c 2010 
650 7 |a FILOSOFIA POLITICA  |2 CL-VaPUC  |9 576359 
650 0 |a Liberalismo  |9 255715 
650 7 |a PLURALISMO  |2 CL-VaPUC  |9 328303 
650 7 |a IDEOLOGIA POLITICA  |2 CL-VaPUC  |9 412943 
583 |a last modification  |c 20140925 17:45:00  |k Rodrigo Vera 
490 0 |a Letra X Letra 
999 |c 356969  |d 356967 
952 |0 0  |1 0  |3 erb  |4 0  |6 320_500000000000000_BER_2010  |7 0  |8 A  |9 464763  |a BIBEDU  |b BIBEDU  |i 511554K  |o 320.5 BER 2010  |p 511554K  |r 2019-11-23  |w 2019-11-23  |y BK  |z Catalogado en:20140925  |k FIL